000 nam a22 a 4500
999 _c404377
_d404377
003 BLK
005 20210331140135.0
008 210331b bul|||||r ||||||| ||bul||
040 _aBLK
041 _aFRE
_cFRE
080 _aТърговско право
_b347.7
_z347.7
100 _aBoistel, Martin
_eпърви автор
_9445825
139 _aBoistel, Martin
245 1 0 _aCours de droit commercial
_c Martin Boistel
250 _a3 éd.
257 _aFRA
260 _aParis
_bErnest Thorin
_c1884-1887
_9435712
300 _a1208 с.
_c22 см
380 _a3
650 0 _aТърговско право
_9248222
653 _aтърговско право
852 _aЦб 3.220.14014
856 4 _qpdf
856 4 _qpdf
942 _cKNG
_n0
_s1
944 _aCR
_c2021-03-31
_kДГ